Design review : (Record no. 12139)
[ view plain ]
| 000 -CABECERA | |
|---|---|
| campo de control de longitud fija | 01033nam a22002897a 4500 |
| 003 - IDENTIFICADOR DEL NÚMERO DE CONTROL | |
| campo de control | OSt |
| 005 - FECHA Y HORA DE LA ÚLTIMA TRANSACCIÓN | |
| campo de control | 20260530113911.0 |
| 008 - DATOS DE LONGITUD FIJA--INFORMACIÓN GENERAL | |
| campo de control de longitud fija | 260504b1979 nyua|||| |||| 00| 0 eng d |
| 040 ## - FUENTE DE LA CATALOGACIÓN | |
| Centro catalogador/agencia de origen | ICI |
| Lengua de catalogación | spa |
| Centro/agencia transcriptor | ICI |
| Normas de descripción | rda |
| 041 ## - CÓDIGO DE LENGUA | |
| Código de lengua del texto/banda sonora o título independiente | eng |
| 050 ## - SIGNATURA TOPOGRÁFICA DE LA BIBLIOTECA DEL CONGRESO | |
| Número de clasificación | NK1390 |
| Número de documento/Ítem | I53 1979 |
| 245 ## - MENCIÓN DE TÍTULO | |
| Título | Design review : |
| Resto del título | Industrial design 25th annual / |
| Mención de responsabilidad, etc. | compilación de Edward K. Carpenter |
| 264 ## - PRODUCCIÓN, PUBLICACIÓN, DISTRIBUCIÓN, FABRICACIÓN Y COPYRIGHT | |
| Producción, publicación, distribución, fabricación y copyright | New York : |
| Nombre del de productor, editor, distribuidor, fabricante | Watson-Guptill Publications, |
| Fecha de producción, publicación, distribución, fabricación o copyright | 1979 |
| 300 ## - DESCRIPCIÓN FÍSICA | |
| Extensión | 190 páginas |
| Otras características físicas | ilustraciones |
| 336 ## - TIPO DE CONTENIDO | |
| Fuente | rdacontent |
| Término de tipo de contenido | texto |
| 337 ## - TIPO DE MEDIO | |
| Fuente | rdamedia |
| Nombre/término del tipo de medio | sin medio |
| 338 ## - TIPO DE SOPORTE | |
| Fuente | rdacarrier |
| Nombre/término del tipo de soporte | volumen |
| 500 ## - NOTA GENERAL | |
| Nota general | Publicación anual que presenta lo mejor del diseño industrial del año. |
| 650 ## - PUNTO DE ACCESO ADICIONAL DE MATERIA--TÉRMINO DE MATERIA | |
| Término de materia o nombre geográfico como elemento de entrada | Diseño industrial |
| Subdivisión de forma | Anuarios |
| 9 (RLIN) | 33435 |
| 650 ## - PUNTO DE ACCESO ADICIONAL DE MATERIA--TÉRMINO DE MATERIA | |
| Término de materia o nombre geográfico como elemento de entrada | Diseño industrial |
| Subdivisión general | Premios |
| 9 (RLIN) | 33436 |
| 650 ## - PUNTO DE ACCESO ADICIONAL DE MATERIA--TÉRMINO DE MATERIA | |
| Término de materia o nombre geográfico como elemento de entrada | Diseño de productos |
| Subdivisión general | Evaluación |
| 9 (RLIN) | 33437 |
| 650 ## - PUNTO DE ACCESO ADICIONAL DE MATERIA--TÉRMINO DE MATERIA | |
| Término de materia o nombre geográfico como elemento de entrada | Innovación tecnológica |
| Subdivisión general | Diseño |
| 9 (RLIN) | 33438 |
| 650 ## - PUNTO DE ACCESO ADICIONAL DE MATERIA--TÉRMINO DE MATERIA | |
| Término de materia o nombre geográfico como elemento de entrada | Estética industrial |
| 9 (RLIN) | 33439 |
| 655 ## - TÉRMINO DE INDIZACIÓN--GÉNERO/FORMA | |
| Fuente del término | local |
| Datos o término principal de género/forma | Anuarios. |
| 9 (RLIN) | 33440 |
| 700 ## - PUNTO DE ACCESO ADICIONAL--NOMBRE DE PERSONA | |
| Nombre de persona | Carpenter, Edward K., |
| Término indicativo de función/relación | compilador |
| 9 (RLIN) | 33441 |
| 942 ## - ELEMENTOS DE PUNTO DE ACCESO ADICIONAL (KOHA) | |
| Fuente del sistema de clasificación o colocación | Library of Congress Classification |
| Suprimir en OPAC | 1 |
| Tipo de ítem Koha | |
No items available.